00271nam a2200109Ia 4500008004100000041001200041082001100053100001700064245006800081260000600149650000600155221030s9999 xx 000 0 und d aEnglish a105.23 aJ. F. Peters 0aSoftware Engineering - An Engineering Approachcby J. F. Peters c0 aB